Estatísticas para Municípios de Minas Gerais em um Mapa

Clique aqui para jogar o quiz

Estatísticas Gerais

  • Esse quiz foi jogado 3 306 vezes
  • A pontuação média é 186 de 853

Respostas no mapa

Respostas codificadas por cores de uma escala verde-vermelha no mapa do quiz de acordo com a % correta abaixo.
 

Estatísticas das Respostas

Município% Correto
Belo Horizonte
93%
Uberlândia
87%
Uberaba
82%
Ouro Preto
80%
Juiz de Fora
79%
Betim
77%
Contagem
76%
Governador Valadares
71%
Mariana
71%
Montes Claros
71%
Varginha
66%
Divino
65%
Ipatinga
65%
Brumadinho
64%
Diamantina
64%
Poços de Caldas
64%
São João del Rei
63%
Sete Lagoas
63%
Araxá
62%
Pará de Minas
62%
Patos de Minas
62%
Divinópolis
61%
Nova Lima
61%
Ouro Branco
60%
Teófilo Otoni
59%
Ubá
59%
Tiradentes
58%
Barbacena
57%
Três Corações
57%
Lavras
56%
Pouso Alegre
56%
Ribeirão das Neves
56%
Sabará
56%
Santa Luzia
55%
Viçosa
52%
Conselheiro Lafaiete
51%
Formiga
51%
Itabira
51%
Muriaé
51%
Alfenas
50%
Vespasiano
50%
Araguari
49%
Congonhas
49%
Passos
49%
Extrema
48%
Ibirité
48%
Patrocínio
48%
Unaí
47%
Curvelo
46%
Lagoa Santa
46%
Capitólio
45%
Paracatu
45%
Itabirito
44%
Coronel Fabriciano
43%
Ituiutaba
43%
São Tomé das Letras
43%
Confins
42%
Frutal
42%
Itajubá
42%
João Monlevade
42%
Ouro Fino
42%
Pirapora
42%
São Francisco
42%
Esmeraldas
41%
Itaúna
41%
Manhuaçu
41%
Caratinga
40%
Guaxupé
40%
Januária
40%
Santos Dumont
40%
Tombos
40%
Janaúba
39%
João Pinheiro
39%
Nova Serrana
39%
Pedro Leopoldo
39%
Ponte Nova
39%
Santa Bárbara
39%
São Sebastião do Paraíso
39%
Timóteo
38%
Caeté
37%
Caxambu
37%
Jequitinhonha
37%
São Lourenço
37%
Três Marias
37%
Caldas
36%
Leopoldina
36%
Nanuque
36%
Oliveira
36%
Abaeté
35%
Almenara
35%
Bom Despacho
35%
Camanducaia
35%
Igarapé
35%
Prata
35%
Santa Rita do Sapucaí
35%
Andradas
34%
Luz
34%
Muzambinho
34%
Passa Quatro
34%
Cataguases
33%
Machado
33%
Matozinhos
33%
Sarzedo
33%
Três Pontas
33%
Boa Esperança
32%
Campo Belo
31%
Lagoa da Prata
31%
Manga
31%
Piumhi
31%
Rio Acima
31%
Rio Doce
31%
Aimorés
30%
Além Paraíba
30%
Cordisburgo
30%
Jaboticatubas
30%
Jacutinga
30%
Mateus Leme
30%
Perdões
30%
Raposos
30%
Barão de Cocais
29%
Cambuí
29%
Lambari
29%
Nepomuceno
29%
Nova Era
29%
Sacramento
29%
Salinas
29%
São José da Lapa
29%
Serro
29%
Bambuí
28%
Bocaiúva
28%
Brasília de Minas
28%
Buritis
28%
Carrancas
28%
Cássia
28%
Conceição do Mato Dentro
28%
Ibiá
28%
Itaú de Minas
28%
Juatuba
28%
Monte Carmelo
28%
Perdizes
28%
São Joaquim de Bicas
28%
Abadia dos Dourados
27%
Bicas
27%
Buritizeiro
27%
Campos Gerais
27%
Carangola
27%
Carlos Chagas
27%
Carmo do Rio Claro
27%
Carneirinho
27%
Coromandel
27%
Fronteira
27%
Lima Duarte
27%
Moeda
27%
Monte Sião
27%
Paraopeba
27%
Presidente Juscelino
27%
Serra da Saudade
27%
Abre Campo
26%
Água Boa
26%
Alpinópolis
26%
Alterosa
26%
Andrelândia
26%
Baependi
26%
Belo Vale
26%
Campestre
26%
Cláudio
26%
Elói Mendes
26%
Gonçalves
26%
Guanhães
26%
Itamonte
26%
Maria da Fé
26%
Nova Ponte
26%
Paraisópolis
26%
Pedra Azul
26%
Porteirinha
26%
Rio Preto
26%
Santa Juliana
26%
Açucena
25%
Águas Formosas
25%
Aiuruoca
25%
Araçuaí
25%
Arcos
25%
Bandeira
25%
Brazópolis
25%
Cambuquira
25%
Catas Altas
25%
Cruzília
25%
Delfim Moreira
25%
Estiva
25%
Florestal
25%
Guapé
25%
Manhumirim
25%
Mário Campos
25%
Monte Alegre de Minas
25%
Monte Belo
25%
Nova União
25%
Paraguaçu
25%
Pimenta
25%
Pintópolis
25%
Rio Vermelho
25%
São Gonçalo do Rio Abaixo
25%
São Roque de Minas
25%
Tiros
25%
Wenceslau Braz
25%
Águas Vermelhas
24%
Areado
24%
Arinos
24%
Bom Sucesso
24%
Bonfim
24%
Campanha
24%
Capelinha
24%
Carmo da Cachoeira
24%
Carmo da Mata
24%
Congonhal
24%
Corinto
24%
Cristais
24%
Cristina
24%
Delfinópolis
24%
Delta
24%
Espinosa
24%
Ewbank da Câmara
24%
Formoso
24%
Francisco Sá
24%
Itapecerica
24%
Itapeva
24%
Monte Santo de Minas
24%
Passa Tempo
24%
Pouso Alto
24%
Pratinha
24%
Presidente Olegário
24%
Prudente de Morais
24%
Ritápolis
24%
São Gotardo
24%
São Tiago
24%
Antônio Carlos
23%
Baldim
23%
Belo Oriente
23%
Borda da Mata
23%
Botelhos
23%
Brasilândia de Minas
23%
Bueno Brandão
23%
Cabo Verde
23%
Cachoeira de Minas
23%
Campina Verde
23%
Cana Verde
23%
Carandaí
23%
Carmópolis de Minas
23%
Conceição das Alagoas
23%
Fama
23%
Felixlândia
23%
Guaranésia
23%
Ilicínea
23%
Inconfidentes
23%
Jacuí
23%
Limeira do Oeste
23%
Luminárias
23%
Pains
23%
Passa Vinte
23%
Poço Fundo
23%
Pompéu
23%
Pratápolis
23%
Presidente Kubitschek
23%
Ribeirão Vermelho
23%
Rio Manso
23%
São Gonçalo do Sapucaí
23%
Acaiaca
22%
Água Comprida
22%
Alagoa
22%
Arceburgo
22%
Bandeira do Sul
22%
Candeias
22%
Capim Branco
22%
Conceição dos Ouros
22%
Conselheiro Pena
22%
Dores do Indaiá
22%
Grão Mogol
22%
Juruaia
22%
Lagoa Dourada
22%
Mantena
22%
Minas Novas
22%
Nova Resende
22%
Novo Cruzeiro
22%
Olhos-d'Água
22%
Pedralva
22%
Pequi
22%
Rio Pardo de Minas
22%
Rio Pomba
22%
Taiobeiras
22%
Turmalina
22%
Ubaí
22%
União de Minas
22%
Urucuia
22%
Virgínia
22%
Aguanil
21%
Alvinópolis
21%
Bonito de Minas
21%
Cabeceira Grande
21%
Campo do Meio
21%
Carmo de Minas
21%
Conquista
21%
Divisópolis
21%
Entre Rios de Minas
21%
Ferros
21%
Guarani
21%
Heliodora
21%
Ipanema
21%
Itamarandiba
21%
Itaobim
21%
Itatiaiuçu
21%
Lagoa Grande
21%
Montalvânia
21%
Monte Azul
21%
Mutum
21%
Natércia
21%
Nazareno
21%
Ouro Verde de Minas
21%
Periquito
21%
Piranguinho
21%
Pitangui
21%
Santa Rita de Caldas
21%
São João Nepomuceno
21%
Serrania
21%
Tapira
21%
Toledo
21%
Albertina
20%
Alfredo Vasconcelos
20%
Barroso
20%
Bom Repouso
20%
Capetinga
20%
Carmo do Cajuru
20%
Cedro do Abaeté
20%
Chapada Gaúcha
20%
Claraval
20%
Coimbra
20%
Conceição da Aparecida
20%
Conceição do Rio Verde
20%
Coqueiral
20%
Divisa Nova
20%
Fortaleza de Minas
20%
Funilândia
20%
Goianá
20%
Gouveia
20%
Ibiraci
20%
Itaguara
20%
Itamogi
20%
Iturama
20%
Jaíba
20%
Jequitibá
20%
Jordânia
20%
Mar de Espanha
20%
Monsenhor Paulo
20%
Montezuma
20%
Naque
20%
Nova Módica
20%
Nova Porteirinha
20%
Padre Paraíso
20%
Papagaios
20%
Passabém
20%
Perdigão
20%
Raul Soares
20%
Rio Casca
20%
Rio Paranaíba
20%
Sabinópolis
20%
Santa Maria de Itabira
20%
Santa Vitória
20%
Santo Antônio do Monte
20%
São Gonçalo do Abaeté
20%
São Gonçalo do Pará
20%
São Tomás de Aquino
20%
Sapucaí-Mirim
20%
Taquaraçu de Minas
20%
Turvolândia
20%
Virginópolis
20%
Visconde do Rio Branco
20%
Alto Caparaó
19%
Antônio Dias
19%
Bom Jesus da Penha
19%
Bom Jesus do Amparo
19%
Caetanópolis
19%
Caparaó
19%
Carvalhópolis
19%
Centralina
19%
Cordislândia
19%
Dores de Campos
19%
Espera Feliz
19%
Fervedouro
19%
Ibitiúra de Minas
19%
Ipuiúna
19%
Itanhandu
19%
Jacinto
19%
Lagoa Formosa
19%
Lajinha
19%
Lassance
19%
Malacacheta
19%
Marmelópolis
19%
Martinho Campos
19%
Matias Barbosa
19%
Medeiros
19%
Munhoz
19%
Ninheira
19%
Olaria
19%
Piranguçu
19%
Santana da Vargem
19%
Santo Antônio do Amparo
19%
São João Batista do Glória
19%
São João da Mata
19%
São Pedro da União
19%
Senador Amaral
19%
Silvianópolis
19%
Tupaciguara
19%
Vargem Bonita
19%
Várzea da Palma
19%
Vazante
19%
Alpercata
18%
Berilo
18%
Bocaina de Minas
18%
Buenópolis
18%
Capinópolis
18%
Carmo do Paranaíba
18%
Congonhas do Norte
18%
Consolação
18%
Coração de Jesus
18%
Cristália
18%
Cristiano Otoni
18%
Datas
18%
Dom Bosco
18%
Espírito Santo do Dourado
18%
Fortuna de Minas
18%
Itinga
18%
Laranjal
18%
Mato Verde
18%
Medina
18%
Nova Belém
18%
Novorizonte
18%
Paineiras
18%
Pai Pedro
18%
Poté
18%
Presidente Bernardes
18%
Resplendor
18%
Rio Piracicaba
18%
Salto da Divisa
18%
Santa Fé de Minas
18%
Santa Maria do Suaçuí
18%
Santana do Paraíso
18%
Santana do Riacho
18%
São Domingos do Prata
18%
São João do Paraíso
18%
São José da Barra
18%
São Sebastião da Bela Vista
18%
Senador José Bento
18%
Serra dos Aimorés
18%
Serra do Salitre
18%
Tocos do Moji
18%
Alto Rio Doce
17%
Araçaí
17%
Araújos
17%
Augusto de Lima
17%
Cachoeira Dourada
17%
Campos Altos
17%
Capitão Enéas
17%
Catas Altas da Noruega
17%
Chácara
17%
Conceição das Pedras
17%
Coronel Murta
17%
Córrego do Bom Jesus
17%
Desterro de Entre Rios
17%
Divisa Alegre
17%
Dores de Guanhães
17%
Ervália
17%
Ijaci
17%
Inhapim
17%
Jesuânia
17%
Juvenília
17%
Liberdade
17%
Lontra
17%
Matipó
17%
Moema
17%
Novo Oriente de Minas
17%
Olímpio Noronha
17%
Palma
17%
Peçanha
17%
Pequeri
17%
Prados
17%
Resende Costa
17%
Ressaquinha
17%
Rio Novo
17%
Romaria
17%
Rubim
17%
Santa Cruz de Minas
17%
Santa Rita de Jacutinga
17%
São Geraldo
17%
São João Evangelista
17%
São Romão
17%
Tapiraí
17%
Tocantins
17%
Urucânia
17%
Virgem da Lapa
17%
Alto Jequitibá
16%
Ataléia
16%
Bela Vista de Minas
16%
Bias Fortes
16%
Biquinhas
16%
Bom Jardim de Minas
16%
Bom Jesus do Galho
16%
Bonfinópolis de Minas
16%
Campo Florido
16%
Carbonita
16%
Careaçu
16%
Carmésia
16%
Carvalhos
16%
Cascalho Rico
16%
Central de Minas
16%
Chalé
16%
Coluna
16%
Córrego Danta
16%
Crucilândia
16%
Dionísio
16%
Dom Silvério
16%
Dom Viçoso
16%
Dona Euzébia
16%
Doresópolis
16%
Engenheiro Navarro
16%
Estrela do Indaiá
16%
Frei Inocêncio
16%
Galiléia
16%
Guarda-Mor
16%
Guimarânia
16%
Ibiaí
16%
Indianópolis
16%
Inhaúma
16%
Ipaba
16%
Itabirinha
16%
Itambé do Mato Dentro
16%
Lagamar
16%
Leandro Ferreira
16%
Madre de Deus de Minas
16%
Maravilhas
16%
Mata Verde
16%
Matias Cardoso
16%
Mesquita
16%
Minduri
16%
Mirabela
16%
Miraí
16%
Morada Nova de Minas
16%
Piranga
16%
Planura
16%
Riacho dos Machados
16%
Santa Bárbara do Leste
16%
São Brás do Suaçuí
16%
São José da Varginha
16%
São Pedro do Suaçuí
16%
São Sebastião do Rio Verde
16%
São Vicente de Minas
16%
Sem-Peixe
16%
Simão Pereira
16%
Ubaporanga
16%
Varzelândia
16%
Angelândia
15%
Araporã
15%
Astolfo Dutra
15%
Belmiro Braga
15%
Cachoeira da Prata
15%
Campanário
15%
Canápolis
15%
Caraí
15%
Catuji
15%
Córrego Fundo
15%
Couto de Magalhães de Minas
15%
Divinésia
15%
Divino das Laranjeiras
15%
Divinolândia de Minas
15%
Dom Cavati
15%
Dom Joaquim
15%
Douradoquara
15%
Estrela Dalva
15%
Estrela do Sul
15%
Felício dos Santos
15%
Francisco Dumont
15%
Frei Gaspar
15%
Gonzaga
15%
Gurinhatã
15%
Iapu
15%
Ibituruna
15%
Iguatama
15%
Inimutaba
15%
Itacarambi
15%
Itambacuri
15%
Itapagipe
15%
Jeceaba
15%
Jequitaí
15%
Joanésia
15%
Ladainha
15%
Lagoa dos Patos
15%
Luislândia
15%
Machacalis
15%
Mamonas
15%
Marilac
15%
Mercês
15%
Miradouro
15%
Morro do Pilar
15%
Nacip Raydan
15%
Natalândia
15%
Onça de Pitangui
15%
Padre Carvalho
15%
Patrocínio do Muriaé
15%
Pavão
15%
Pescador
15%
Piracema
15%
Pirapetinga
15%
Quartel Geral
15%
Queluzito
15%
Recreio
15%
Riachinho
15%
Rio Espera
15%
Rubelita
15%
Santana de Pirapama
15%
Santana do Jacaré
15%
São Bento Abade
15%
São Francisco de Sales
15%
São João das Missões
15%
São José do Alegre
15%
São Pedro dos Ferros
15%
São Sebastião do Oeste
15%
Senador Firmino
15%
Setubinha
15%
Soledade de Minas
15%
Tarumirim
15%
Teixeiras
15%
Vargem Alegre
15%
Verdelândia
15%
Volta Grande
15%
Alvarenga
14%
Aricanduva
14%
Barra Longa
14%
Berizal
14%
Brás Pires
14%
Braúnas
14%
Catuti
14%
Chapada do Norte
14%
Chiador
14%
Comendador Gomes
14%
Conceição do Pará
14%
Coroaci
14%
Coronel Xavier Chaves
14%
Cruzeiro da Fortaleza
14%
Desterro do Melo
14%
Dores do Turvo
14%
Engenheiro Caldas
14%
Felisburgo
14%
Francisco Badaró
14%
Frei Lagonegro
14%
Fruta de Leite
14%
Gameleiras
14%
Grupiara
14%
Ibertioga
14%
Igaratinga
14%
Ipiaçu
14%
Iraí de Minas
14%
Itanhomi
14%
Itueta
14%
Itumirim
14%
Itutinga
14%
Jampruca
14%
Japonvar
14%
Jequeri
14%
Joaíma
14%
Joaquim Felício
14%
José Raydan
14%
Marliéria
14%
Mathias Lobato
14%
Monjolos
14%
Morro da Garça
14%
Oratórios
14%
Orizânia
14%
Palmópolis
14%
Pedra Bonita
14%
Pedra do Indaiá
14%
Pedrinópolis
14%
Piau
14%
Piedade de Caratinga
14%
Piedade dos Gerais
14%
Pingo-d'Água
14%
Piraúba
14%
Ponto Chique
14%
Ponto dos Volantes
14%
Santa Efigênia de Minas
14%
Santa Margarida
14%
Santana dos Montes
14%
Santa Rita de Ibitipoca
14%
Santa Rita de Minas
14%
Santo Antônio do Jacinto
14%
Santo Hipólito
14%
São Francisco de Paula
14%
São João da Ponte
14%
São José do Goiabal
14%
Senhora dos Remédios
14%
Simonésia
14%
Tabuleiro
14%
Varjão de Minas
14%
Veredinha
14%
Veríssimo
14%
Virgolândia
14%
Alvorada de Minas
13%
Arantina
13%
Araponga
13%
Arapuá
13%
Argirita
13%
Bertópolis
13%
Botumirim
13%
Bugre
13%
Canaã
13%
Cantagalo
13%
Capela Nova
13%
Casa Grande
13%
Cipotânea
13%
Claro dos Poções
13%
Comercinho
13%
Conceição da Barra de Minas
13%
Conceição de Ipanema
13%
Cônego Marinho
13%
Coronel Pacheco
13%
Córrego Novo
13%
Crisólita
13%
Curral de Dentro
13%
Diogo de Vasconcelos
13%
Entre Folhas
13%
Eugenópolis
13%
Franciscópolis
13%
Goiabeira
13%
Guaraciaba
13%
Guidoval
13%
Guiricema
13%
Icaraí de Minas
13%
Imbé de Minas
13%
Ingaí
13%
Itacambira
13%
Itaipé
13%
Itaverava
13%
Jaguaraçu
13%
Japaraíba
13%
Jenipapo de Minas
13%
Juramento
13%
Lamim
13%
Leme do Prado
13%
Luisburgo
13%
Matutina
13%
Mendes Pimentel
13%
Monte Formoso
13%
Oliveira Fortes
13%
Paiva
13%
Patis
13%
Paula Cândido
13%
Paulistas
13%
Pedras de Maria da Cruz
13%
Piedade do Rio Grande
13%
Pirajuba
13%
Pocrane
13%
Porto Firme
13%
Reduto
13%
Rio do Prado
13%
Rodeiro
13%
Santa Bárbara do Monte Verde
13%
Santa Bárbara do Tugúrio
13%
Santa Helena de Minas
13%
Santana do Deserto
13%
Santana do Garambéu
13%
Santa Rosa da Serra
13%
Santo Antônio do Retiro
13%
São Gonçalo do Rio Preto
13%
São João do Manhuaçu
13%
São João do Oriente
13%
São José do Divino
13%
São Sebastião do Maranhão
13%
Sardoá
13%
Senador Modestino Gonçalves
13%
Senhora do Porto
13%
Serra Azul de Minas
13%
Serranópolis de Minas
13%
Sobrália
13%
Tumiritinga
13%
Uruana de Minas
13%
Vargem Grande do Rio Pardo
13%
Vermelho Novo
13%
Amparo do Serra
12%
Antônio Prado de Minas
12%
Cachoeira de Pajeú
12%
Camacho
12%
Campo Azul
12%
Capitão Andrade
12%
Caputira
12%
Cuparaque
12%
Descoberto
12%
Durandé
12%
Fernandes Tourinho
12%
Fronteira dos Vales
12%
Glaucilândia
12%
Guaraciama
12%
Guarará
12%
Indaiabira
12%
Maripá de Minas
12%
Martins Soares
12%
Materlândia
12%
Miravânia
12%
Pedra do Anta
12%
Pedra Dourada
12%
Pedro Teixeira
12%
Santa Cruz de Salinas
12%
Santa Cruz do Escalvado
12%
Santa Maria do Salto
12%
Santana de Cataguases
12%
Santana do Manhuaçu
12%
Santa Rita do Itueto
12%
Santo Antônio do Aventureiro
12%
Santo Antônio do Grama
12%
Santo Antônio do Itambé
12%
Santo Antônio do Rio Abaixo
12%
São Félix de Minas
12%
São Francisco do Glória
12%
São Geraldo do Baixio
12%
São João da Lagoa
12%
São João do Manteninha
12%
São João do Pacuí
12%
São José da Safira
12%
São José do Jacuri
12%
São José do Mantimento
12%
São Miguel do Anta
12%
São Sebastião do Anta
12%
São Sebastião do Rio Preto
12%
Senador Cortes
12%
Senhora de Oliveira
12%
Sericita
12%
Seritinga
12%
Serranos
12%
Umburatiba
12%
Vieiras
12%
Aracitaba
11%
Barão de Monte Alto
11%
Caiana
11%
Cajuri
11%
Caranaíba
11%
Faria Lemos
11%
Ibiracatu
11%
Itamarati de Minas
11%
José Gonçalves de Minas
11%
Josenópolis
11%
Piedade de Ponte Nova
11%
Rochedo de Minas
11%
Rosário da Limeira
11%
São Domingos das Dores
11%
São Geraldo da Piedade
11%
Silveirânia
11%
Taparuba
11%
São Sebastião da Vargem Alegre
10%

Distribuição das Pontuações

Percentil de Números Respondidos

Porcentagem de Pessoas com Cada Pontuação

Sua Pontuação Histórica

Você não jogou esse quiz